000 00961nam a2200349 a 4500
003 AR-BaBNM
005 20251128210000.0
008 082120s2002 ||||||||||||||000 | spa||
020 _a950-808-193-7
040 _cAR-BaBNM
100 1 _aTillería Pérez, Daniel
245 0 0 _aEl taller de expresión artística en la escuela especial
260 _aRosario
_bHomo Sapiens Ediciones
_c1998
300 _a174 p.
_bil.
490 0 _aEducación
500 _aEl apéndice contiene partituras: p. 165-174
504 _aBibliografía: p. 161-164
650 4 _aEDUCACION ARTISTICA
650 4 _aEDUCACION ESPECIAL
650 4 _aTECNICAS DE ENSEÑANZA
650 4 _aARTES PLASTICAS
650 4 _aMUSICA
650 4 _aTEATRO
650 4 _aCOMUNICACION
650 4 _aCREATIVIDAD
651 4 _aArgentina
653 _aTALLERES EDUCATIVOS
653 _aEXPRESION CORPORAL
653 _aLENGUAJES ARTISTICOS
942 _cBK
998 _carturo
999 _c13593
_d13593